01022nam a22001817a 4500003000800000008004100008037002000049040003500069041000800104080001000112100003500122245020100157260013100358300002300489502020700512650010000719655002100819BI-BuBU260623b2025 bd fr|||| 000 0 fre d bDon de l'auteur aBI-BuBUbfrecBI-BuBUdBI-BuBU0 afre a681.31 4aut.aBoribo Kikunda, Philippe10aModélisation et exploration des données académiques des universités du sud-kivu en République Démocratique du Congo à l'aide de l'intelligence artificielle cPhilippe Boribo Kikunda  aBujumburabUniversité du Burundi, Ecole Doctorale, Centre de Recherche en Infrastructure, Environnement et Technologiec2025 aXIX-199 f.c30 cm. aThèse présentée et défendue publiquement en vue de l'obtention du grade de docteur en sciences et technologies informatiques. Spécialité : Fouille des données et intelligence artificielle. 72BI-BuBUaInformatiquexDonnées académiques xAnalyse automatiquexIntelligence artificielle 72BI-BuBUaThèse